Chińska geografia - Statystyki

Ogólne statystyki
  • Ten quiz został rozwiązany 1 727 razy
  • Średni wynik to 11 z 25
Odpowiedzi na mapie
Odpowiedzi zakodowano w zielono-czerwonej skali na mapie do tego quizu, zgodnie z poniższymi procentami.
 
Statystyki odpowiedzi
Odpowiedź % Poprawnych
Pekin
93%
Himalaje
85%
Mount Everest
79%
Tybet
79%
Jangcy
74%
Hong Kong
73%
Pustynia Gobi
70%
Szanghaj
70%
K2
68%
Huang He
65%
Kanton
61%
Mekong
55%
Mongolia Wewnętrzna
39%
Xi'an
36%
Hajnan
32%
Harbin
27%
Chengdu
24%
Hubei
21%
Guangdong
18%
Rzeka Perłowa
16%
Szantung
13%
Liaotung
11%
Kuku-nor
10%
Kajlas
8%
Tianzi
8%
Nie znaleziono quizów pasujących do podanych kryteriów
Rozkład punktacji
Procent ludzi z każdym wynikiem
Percentyl według liczby udzielonych odpowiedzi
Twoja historia wyników
Nie rozwiązałeś tego quizu